000
00245nam a2200109Ia 4500
008
190914s9999||||xx |||||||||||||| ||und||
100
_a
Munib-ur-Rehman
245
0
_a
Islamiat
260
_a
Canada
_b
Pearson
_c
1999
300
_a
378
942
_c
BK
999
_c
9766
_d
9766